| 000 | 00402nam a2200145Ia 4500 | ||
|---|---|---|---|
| 008 | 100415s9999 xx 000 0 und d | ||
| 082 |
_b21044 _a796.522(5452) |
||
| 100 | _aWEARE, G. | ||
| 245 | _aTrekking in the Indian Himalaya | ||
| 260 |
_aVICTORIA _c1991 _bLONELY PLANET |
||
| 365 | _b1 | ||
| 630 | _aTrekking in the Indian Himalaya | ||
| 730 | _aTrekking in the Indian Himalaya | ||
| 942 | _cBOOK | ||
| 999 |
_c603926 _d603923 |
||